IC [Zakopane - Gdynia Główna] wszystkie stacje pociągu - Statystyki

Ogólne statystyki
  • Ten quiz został rozwiązany 96 razy
  • Średni wynik to 18 z 35
Statystyki odpowiedzi
Odpowiedź % Poprawnych
Zakopane
94%
Kraków Główny
87%
Gdynia Główna
83%
Gdańsk Główny
81%
Gdańsk Wrzeszcz
75%
Sopot
75%
Gdańsk Oliwa
73%
Nowy Targ
71%
Tczew
69%
Poronin
68%
Bydgoszcz Główna
62%
Toruń Główny
58%
Łódź Kaliska
54%
Pruszcz Gdański
51%
Łódź Widzew
50%
Miechów
49%
Chabówka Stadion
45%
Włoszczowa Północ
45%
Kutno
43%
Włocławek
42%
Opoczno Południe
40%
Łódź Chojny
38%
Bydgoszcz Leśna
37%
Bydgoszcz Wschód
37%
Sucha Beskidzka Zamek
37%
Solec Kujawski
36%
Zgierz
36%
Aleksandrów Kujawski
33%
Kalwaria Zebrzydowska Lanckorona
33%
Laskowice Pomorskie
33%
Tomaszów Mazowiecki
30%
Łęczyca
29%
Łódź Żabieniec
27%
Smętowo
27%
Ozorków
26%
Nie znaleziono quizów pasujących do podanych kryteriów
Rozkład punktacji
Procent ludzi z każdym wynikiem
Percentyl według liczby udzielonych odpowiedzi
Twoja historia wyników
Nie rozwiązałeś tego quizu